000 00801nam a22001937a 4500
999 _c371810
_d371810
008 201127b ||||| |||| 00| 0 eng d
040 _aDE-2950
_bger
_cDE-2950
_erda
041 _ager
245 _aNeubau der Hutten-Oberschule pünktlich zum Schulstart fertig.
_bBildung. Das von Schülern und Lehrkräften langersehnte neue, zweite Schulgebäude wurde am Donnerstag feierlich eingeweiht. Bis dahin war es ein weiter Weg/
_cThomas Gutke
264 _c2022
653 _aFrankfurt (Oder)
653 _aHutten-Oberschule
653 _aNeubau
773 _dFrankfurt (Oder) Märkisches Verlags- und Druckhaus GmbH & Co KG
_tMärkische Oderzeitung
_g33. Jahrgang (2022) Nr. 193 vom 19.08.2022, S. 16 mit Bild
942 _cA